00246nam a2200097Ia 4500008004100000082001600041100002400057245003700081260001800118600001200136241002s9999 xx 000 0 und d a962.053 GAM aGamal, Abdel Nasser 4aThe Philosophy of the Revolution aLondon:c1959 aHistory